LEADER 04891nam 22008295 450 001 996547966203316 005 20230516061831.0 010 $a9789819902248$b(electronic bk.) 010 $z9789819902231 024 7 $a10.1007/978-981-99-0224-8 035 $a(MiAaPQ)EBC30545076 035 $a(Au-PeEL)EBL30545076 035 $a(OCoLC)1380464072 035 $a(DE-He213)978-981-99-0224-8 035 $a(BIP)087372420 035 $a(PPN)27061687X 035 $a(EXLCZ)9926707054000041 100 $a20230516d2023 u| 0 101 0 $aeng 135 $aurcnu|||||||| 181 $ctxt$2rdacontent 182 $cc$2rdamedia 183 $acr$2rdacarrier 200 10$aReal-Time Simulation and Hardware-in-the-Loop Testing Using Typhoon HIL$b[electronic resource] /$fedited by Saurabh Mani Tripathi, Francisco M. Gonzalez-Longatt 205 $a1st ed. 2023. 210 1$aSingapore :$cSpringer Nature Singapore :$cImprint: Springer,$d2023. 215 $a1 online resource (463 pages) 225 1 $aTransactions on Computer Systems and Networks,$x2730-7492 311 08$aPrint version: Tripathi, Saurabh Mani Real-Time Simulation and Hardware-In-the-Loop Testing Using Typhoon HIL Singapore : Springer,c2023 9789819902231 320 $aIncludes bibliographical references. 327 $aIntroduction to Typhoon HIL -- Typhoon HIL Control Centre and Virtual HIL Device -- Control of Grid-tied Converter: Real-time Validation -- Real-time Control Validation for Multilevel Converter -- Design and Analysis of Cascaded H-Bridge Eleven-Level Inverter -- Grid-connected converter employing optimized modulation strategy coordinated with the virtual synchronous machine concept -- Development of MMC based HVDC and model for SSR analysis in Typhoon HIL -- Selective Harmonic Compensation in Active Power Filter -- RHigh Impedance Fault Modelling and Tests for Real Time Applications -- Cyber Security in Smart Grid -- Sensorless Control of Electric Motor Drives -- Validation of Relaying Techniques on HIL Platform -- Power System Protection Co-ordination and Relay-in-the-Loop -- Testing Distance Element of SEL411-L using Power Hardware-in-the-Loop -- Testing IEC61850 Sampled Values using Typhoon HIL 604. 330 $aThis book is an edited collection that explores the fundamental concepts of real-time simulation/hardware-in-the-loop testing using ?Typhoon HIL? for complex electrical systems. Typhoon HIL has recently emerged as a powerful tool in the rapidly growing field of ultra-high-fidelity controller-hardware-in-the-loop (C-HIL) simulations for power electronics, microgrids, and distribution networks. The book integrates the coverage of underlying theory and acclaimed methodological approaches and high-value applications of real-time simulation and hardware-in-the-loop testing?all from the perspectives of eminent researchers around the globe utilizing Typhoon HIL. This book serves as a valuable resource for engineers, academicians, researchers, experienced professionals, and research scholars engaged in /becoming familiarized with the real-time simulation of complex electrical systems using Typhoon HIL with a specific focus on hardware-in-the-loop testing. 410 0$aTransactions on Computer Systems and Networks,$x2730-7492 606 $aComputers, Special purpose 606 $aComputer engineering 606 $aComputer networks 606 $aElectronic circuits 606 $aElectronic digital computers?Evaluation 606 $aMicroprocessors 606 $aComputer architecture 606 $aSpecial Purpose and Application-Based Systems 606 $aComputer Engineering and Networks 606 $aElectronic Circuits and Systems 606 $aSystem Performance and Evaluation 606 $aProcessor Architectures 610 $aComputer Networks 610 $aElectronic Circuits 610 $aComputer Architecture 610 $aExpert Systems (Computer Science) 610 $aComputers 610 $aTechnology & Engineering 615 0$aComputers, Special purpose. 615 0$aComputer engineering. 615 0$aComputer networks. 615 0$aElectronic circuits. 615 0$aElectronic digital computers?Evaluation. 615 0$aMicroprocessors. 615 0$aComputer architecture. 615 14$aSpecial Purpose and Application-Based Systems. 615 24$aComputer Engineering and Networks. 615 24$aElectronic Circuits and Systems. 615 24$aSystem Performance and Evaluation. 615 24$aProcessor Architectures. 676 $a929.374 702 $aTripathi$b S. Mani 702 $aGonzalez-Longatt$b Francisco M. 801 0$bMiAaPQ 801 1$bMiAaPQ 801 2$bMiAaPQ 912 $a996547966203316 996 $aReal-time simulation and hardware-in-the-loop testing using Typhoon HIL$93552064 997 $aUNISA LEADER 02166oam 22004094a 450 001 9910957747503321 005 20170922081258.0 010 $a9781610755979 010 $a1610755979 035 $a(CKB)3710000000739943 035 $a(MiAaPQ)EBC4570881 035 $a(OCoLC)952447873 035 $a(MdBmJHUP)muse54231 035 $a(Perlego)2173496 035 $a(EXLCZ)993710000000739943 100 $a20160504d2016 uy 0 101 0 $aeng 135 $aurcnu|||||||| 181 $2rdacontent 182 $2rdamedia 183 $2rdacarrier 200 12$aA Hard World $eAn Inside Look at Another Year in Boxing /$fThomas Hauser 210 1$aFayetteville, Arkansas :$cThe University of Arkansas Press,$d2016. 210 4$dİ2016 215 $a1 online resource (303 pages) 311 08$a9781682260135 311 08$a1682260135 330 8 $aIn 2015, Booklist observed, "the arrival of Hauser's annual boxing review is akin to Christmas morning for fight fans. Nobody knows a sport any better than Hauser knows boxing." Each year, readers, writers, and critics alike look forward to Thomas Hauser's annual collection of articles about the contemporary boxing scene. He's one of the last real champions of boxing and one of the very best who has ever written about the sport. A Hard World continues this tradition of excellence with dressing-room reports from big fights like Canelo Alvarez vs. Miguel Cotto, a behind-the-scenes look at Floyd Mayweather vs. Manny Pacquiao, and a foray into the world of mixed martial arts for a compelling portrait of Ronda Rousey. Most importantly, this new collection contains Hauser's groundbreaking two-part investigative report on the relationship between the United States Anti-Doping Agency and boxing, a report that shook the industry and raised fundamental questions regarding the integrity of USADA's drug-testing procedures as applied to boxing. 608 $aElectronic books. 676 $a796.83 700 $aHauser$b Thomas$0233723 801 0$bMdBmJHUP 801 1$bMdBmJHUP 906 $aBOOK 912 $a9910957747503321 996 $aA Hard World$94362416 997 $aUNINA